Juvenile risk and needs and assessment : theory, research, policy, and practice / Christopher J. Sullivan and Kristina K. Childs. (Record no. 22172)

000 -LEADER
fixed length control field 00670nam a22001697a 4500
020 ## - INTERNATIONAL STANDARD BOOK NUMBER
ISBN 9780367823122
082 ## - DEWEY DECIMAL CLASSIFICATION NUMBER
Classification number 364.36
Item number Su949 2022
100 ## - MAIN ENTRY--AUTHOR NAME
Personal name Sullivan, Christopher J., author.
245 ## - TITLE STATEMENT
Title Juvenile risk and needs and assessment : theory, research, policy, and practice / Christopher J. Sullivan and Kristina K. Childs.
250 ## - EDITION STATEMENT
Edition statement 1st edition.
260 ## - PUBLICATION, DISTRIBUTION, ETC. (IMPRINT)
Place of publication New York, NY :
Name of publisher Routledge (Taylor & Francis Group),
Year of publication 2022.
300 ## - PHYSICAL DESCRIPTION
Number of Pages 1 online resource, ix, 207 pages :
Other physical details illustrations.
500 ## - GENERAL NOTE
General note Includes bibliographical references and index.
650 ## - SUBJECT ADDED ENTRY--TOPICAL TERM
Topical Term Juvenile justice -- Administration.
700 ## - ADDED ENTRY--PERSONAL NAME
Personal name Childs, Kristina K., author.
942 ## - ADDED ENTRY ELEMENTS (KOHA)
Koha item type Electronic Books
Holdings
Source of acquisition Permanent Location Date acquired Collection code Koha item type Lost status Shelving location Withdrawn status Current Location Full call number
DonationCagayan State University - Carig Library2026-04-15E-BooksElectronic Books E-Resource Section Cagayan State University - Carig Library364.36 Su949 2022

Cagayan State University University Library, Carig Campus
Tuguegarao City, Cagayan 3500 | www.csucarig.edu.ph

Powered by Koha